Comprehensive inorganic chemistry, Vol 4 / (Record no. 338133)
[ view plain ]
| 000 -LEADER | |
|---|---|
| fixed length control field | 00445cam a2200169ua 4500 |
| 041 ## - LANGUAGE CODE | |
| Language code of text/sound track or separate title | eng |
| Language code of original | |
| 082 ## - DEWEY DECIMAL CLASSIFICATION NUMBER | |
| Classification number | 546.66 |
| Item number | SNE/CO |
| 100 ## - MAIN ENTRY--PERSONAL NAME | |
| Personal name | Sneed, Cannon M . |
| 245 ## - TITLE STATEMENT | |
| Title | Comprehensive inorganic chemistry, Vol 4 / |
| Statement of responsibility, etc. | Cannon M Sneed. |
| Medium | Textual Documents |
| 250 ## - EDITION STATEMENT | |
| Edition statement | 1 / |
| Remainder of edition statement | . |
| 260 ## - PUBLICATION, DISTRIBUTION, ETC. (IMPRINT) | |
| Place of publication, distribution, etc. | Toronto : |
| Name of publisher, distributor, etc. | D Van nostrand co , |
| Date of publication, distribution, etc. | 1964. |
| 300 ## - PHYSICAL DESCRIPTION | |
| Extent | 193 ; . |
| 504 ## - BIBLIOGRAPHY, ETC. NOTE | |
| Bibliography, etc | |
| 700 1# - ADDED ENTRY--PERSONAL NAME | |
| Personal name | Brasted, Robert C . |
| 942 ## - ADDED ENTRY ELEMENTS (KOHA) | |
| Koha item type | Books (General) |
| Withdrawn status | Lost status | Damaged status | Not for loan | Home library | Current library | Date acquired | Total Checkouts | Full call number | Barcode | Date last seen | Price effective from | Koha item type |
|---|---|---|---|---|---|---|---|---|---|---|---|---|
| Kelappaji College of Agricultural Engineering & Technology Library, Tavanur | Kelappaji College of Agricultural Engineering & Technology Library, Tavanur | 07/04/2012 | 546.66 | KAU_KCAEFT-10613 | 03/09/2025 | 07/04/2012 | Books (General) |
